000 00403nam a2200133Ia 4500
005 20260328104343.0
008 260328s9999||||xx |||||||||||||| ||und||
100 _aBrand, Willemien
245 0 _aVisual Thinking :
_b Cómo aprovechar la colaboración Visual para empoderar a Personas y organizaciones /
_cWillemien Brand
260 _bGustavo Gili
300 _a144 p.
650 _aDIBUJO
942 _cBK
999 _c12198
_d12198